Μνημειακή τοπογραφία της αρχαίας Αθήνας

Αποθηκεύτηκε σε:
Λεπτομέρειες βιβλιογραφικής εγγραφής
Κύριος συγγραφέας: Μαστραπάς, Αντώνης Ν. 1955-
Μορφή: Βιβλίο
Γλώσσα:Greek
Δημοσίευση: Αθήνα : Καρδαμίτσας, 1999
Έκδοση:2η έκδ. βελτ.
Θέματα:
Ετικέτες: Προσθήκη ετικέτας
Δεν υπάρχουν, Καταχωρήστε ετικέτα πρώτοι!

MARC

LEADER 00000nam a2200000 i 4500
001 1/72937
008 080129s1999 gre d
020 |a 960-7262-41-7 
035 |l 10094260 
040 |a GR-MY-UA  |b gre  |e aacr 
041 0 |a gre 
082 0 |a 938.241  |2 (22) 
100 0 |a Μαστραπάς, Αντώνης Ν.  |d 1955- 
245 1 0 |a Μνημειακή τοπογραφία της αρχαίας Αθήνας /  |c Αντώνης Ν. Μαστραπάς 
250 |a 2η έκδ. βελτ. 
260 |a Αθήνα :   |b Καρδαμίτσας,   |c 1999 
300 |a 161 σ.;  |b πίν,.;  |c 21 εκ. 
504 |a Περιλαμβάνει βιβλιογραφίες και ευρετήριο 
650 0 0 |a Monuments  |z Greece  |z Athens. 
651 0 |a Athens (Greece)  |x Antiquities. 
852 |a INST  |b RHODES  |e 20080129  |h 938.241 ΜΑΣ  |p 005400030185  |q 005400030185  |t BK  |y 0 
901 |a BIBL4-2008-1 
909 |a Ρ  |b 144400 
922 |a 4ΕΛΗ  |b 200801  |c ΕΠΕΑΕΚ2/ΤΜΣ  |d Σ. ΠΑΤΑΚΗΣ 
970 |a ΚΟΖΑ  |b ΜΑΡΙΑ  |z 2008/01/29